• 首页
  • 本馆介绍
  • 公告通知
  • 最新文献
  • 馆藏检索
  • 电子资源
  • 读者导购
  • 参考咨询
  • 我的图书馆
  • 登录
  • 详细信息显示
  • 放入我的书架
  • 预约/预借图书
  • 作者相关作品
  • 分类相关作品
  • 丛书相关作品
  • 出版社相关作品

书目信息

  • 表格格式
  • 工作单格式
  • 卡片格式
题名:
高灵敏光谱技术在痕量检测中的应用
    
 
作者: 李传亮 著
分册:  
出版信息: 北京   电子工业出版社  2021.4
页数: 249页
开本: 24cm
丛书名:
单 册:
中图分类: O656.21
科图分类:
主题词: 高灵敏度--光电子技术--应用--痕量分析
电子资源:
ISBN: 978-7-121-33351-4
000 01179nam0 2200265 45
001 012001001931
005 20140912164059.0
010    @a978-7-121-33351-4@dCNY59.00
100    @a20180521d2017 em y0chiy50 ea
101 0  @achi
102    @aCN@b110000
105    @aa z 000yy
106    @ar
200 1  @a高灵敏光谱技术在痕量检测中的应用@Agao ling min guang pu ji shu zai hen liang jian ce zhong de ying yong@b专著@f李传亮著
210    @a北京@c电子工业出版社@d2021.4
215    @a249页@c图@d24cm
300    @a并列题名:Application of highly sensitive spectroscopy in trace detection
312    @a封面题英文题名: Application of highly sensitive spectroscopy in trace detection
330    @a本书内容包括原子分子理论、激光技术与光电探测技术、双原子分子自由基的光谱的实验与理论、利用可调谐半导体二极管吸收光谱技术及应用、发射光谱技术的原理和应用、Mie散射光谱的基本原理及在可吸入颗粒物测量中的应用。
510 1  @aApplication of highly sensitive spectroscopy in trace detection@zeng
606 0  @a高灵敏度@x光电子技术@x应用@x痕量分析
690    @aO656.21@v5
701  0 @a李传亮@Ali chuan liang@4著
801  0 @aCN@bBJSDL@c20211011
905    @b1337776-9@dO656.21@e14@f4
    
    高灵敏光谱技术在痕量检测中的应用/李传亮著.-北京:电子工业出版社,2021.4
    249页:图;24cm
    并列题名:Application of highly sensitive spectroscopy in trace detection
    
    ISBN 978-7-121-33351-4:CNY59.00
    本书内容包括原子分子理论、激光技术与光电探测技术、双原子分子自由基的光谱的实验与理论、利用可调谐半导体二极管吸收光谱技术及应用、发射光谱技术的原理和应用、Mie散射光谱的基本原理及在可吸入颗粒物测量中的应用。
●
相关链接 在E读中查询图书 在五车中查询图书 在当当中查询图书 在豆瓣中查询图书


正题名:高灵敏光谱技术在痕量检测中的应用     索取号:O656.21/14         预约/预借

序号 登录号 条形码 馆藏地/架位号 状态 备注
1 1337776   213377763   第二样本阅览室/ [索取号:O656.21/14] 在馆    
2 1337777   213377772   第三借阅区/ [索取号:O656.21/14] 在馆    
3 1337778   213377781   第三借阅区/ [索取号:O656.21/14] 在馆    
4 1337779   213377790   第三借阅区/ [索取号:O656.21/14] 在馆    
唐山师范学院图书馆 欢迎您!
大连网信软件有限公司© 版权所有